000
00290nam a2200121Ia 4500
008
190216s9999||||xx |||||||||||||| ||und||
100
_a
Bappu Kp
245
0
_a
Islam Mathanustanangal
260
_b
Islamic Publishing House
_c
1982
300
_a
87p
650
_a
Islamic History
942
_c
BK
999
_c
22081
_d
22081